LEADER 02005nam a2200385 u 4500 001 000000029261 003 CaOOAMICUS 005 20070226111909.0 008 970220s1980 enk u000 u eng u 020 $a0674993381 020 $a0434983077 035 $a10752665 040 $aEFR$bita 041 1 $aeng$agrc 100 0 $aAristoteles,$d384-322 a.C.$kOpere spurie e dubbie.$0(OLS)http://pul/name/1381 240 10$aGruppi, scelte$9(Aristoteles, 384-322 a.C. Opere spurie e dubbie).$lInglese e greco.$0(OLS)http://pul/title/24165 245 10$aMinor works /$cAristotle ; with an English translation by W. S. Hett. 260 $aCambridge, Mass. :$bHarvard University Press ;$aLondon :$bW. Heinemann,$c1980. 300 $axii, 515 p. ;$c17 cm 490 1 $aAristotle in twenty three volumes ;$v14 490 1 $aLoeb classical library ;$v307 500 $aTexte grec et traduction anglais en regard. 500 $aIndex: p. 508-[516] 505 0 $aOn colours ; On things heard ; Physiognomic ; On plants ; On marvellous things heard ; Mechanical problems ; On indivisible lines ; On Melissus, Xenophanes, and Gorgias. 700 1 $aHett, W. S.$0(OLS)http://pul/name/15313 800 0 $aAristoteles,$d384-322 a.C.$kOpere spurie e dubbie.$tOpere$9(Aristoteles, 384-322. Opere spurie e dubbie) ;$v14.$0(OLS)http://pul/nameTitle/104$0(OLS)http://pul/name/23683$0(OLS)http://pul/title/40035 830 0$aLoeb classical library ;$v307.$0(OLS)http://pul/title/4029 850 $aPUL 852 $aPUL$W1$xDP1 Fondo Seidl$y56$m1 A 26$j40526$nBK-PRI$b $qFondi$B40526$CPULBib$Z2$F40526 $HPUL91285 $81 941 1 $a1 996 $6020$a0674993381$9(OLS)http://pul/number/36557 996 $6020$a0434983077$9(OLS)http://pul/number/36558 996 $6245$aMinor works$9(OLS)http://pul/title/24166 996 $6260$aCambridge, Mass. :$bHarvard University Press$9(OLS)http://pul/publisher/49509 996 $6260$aLondon :$bW. Heinemann$9(OLS)http://pul/publisher/49510 LEADER 01684nam a2200337 a 4500 001 000000043285 003 CaOOAMICUS 005 20140226132713.0 008 990324s1991 it u000 u ita r 035 $a10818010 040 $aPUL$bita 082 04$a195 245 00$aVeritatem in caritate :$bstudi in onore di Cornelio Fabro in occasione dell'LXXX genetliaco /$craccolti da Giuseppe Mario Pizzuti , Carlos Cardona [et al.]. 260 $aPotenza :$bErmes,$c1991. 300 $a275 p. ;$c24 cm 490 1 $aQuaderni di Velia ;$v03 504 $aBibliografia a piè pagina. 600 14$aFabro, Cornelio,$cC.S.,$d1911-1995.$0(OLS)http://pul/subject/19072 700 1 $aCardona, Carlos.$0(OLS)http://pul/name/31675 700 1 $aPizzuti, Giuseppe Mario.$0(OLS)http://pul/name/31674 830 0$aQuaderni di Velia ;$v3.$0(OLS)http://pul/title/58358 850 $aPUL 852 $aPUL$W1$xSL Diritto e Scienze Sociali 1$y4$m208 A 6.2$j58351$nBK-PRI$qStampati$B58351$CPULBib$Z2$F58351 $H69131 $81 852 $aPUL$W1$xDP2 Diritto e Scienze Sociali 1$y65$m208 A 6.2bis$j157567$nBK-PRI$a2.a copia$qStampati$B157022$CPULBib$Z2$F157022 $H72423 $81 852 $aPUL$W1$xSL Filosofia 3$y81$m195 PIZGI 1$j158549$a3. copia$qDDC 21$B158063$CPULBib$Z2$F158063 $H123534 $82 941 1 $a8 941 1 $a9 996 $6082$a195$9(OLS)http://pul/classification/342 996 $6245$aVeritatem in caritate :$bstudi in onore di Cornelio Fabro in occasione dell'LXXX genetliaco$9(OLS)http://pul/title/58357 996 $6260$aPotenza :$bErmes$9(OLS)http://pul/publisher/65221 LEADER 01248nam a2200265 u 4500 001 000000025440 003 CaOOAMICUS 005 20070226111450.0 008 950907s1967 gw u000 u fre u 035 $a10654738 040 $aIAR$bita 100 1 $aBovon, François,$d1938-$0(OLS)http://pul/name/21104 245 10$aDe vocatione gentium :$bhistoire de l'interprétation d'Act. 10, 1-11, 18 dans les six premiers siècles /$cpar François Bovon. 260 $aTübingen :$bMohr,$c1967. 300 $axvi, 373 S. ;$c23 cm 490 1 $aBeiträge zur Geschichte der biblischen Exegese ;$v8 504 $a"Bibliographie": S. [323]-324 630 04$aBiblia.$pN.T.$pActus apostolorum.$nX, 1-XI, 18.$0(OLS)http://pul/subject/15036 830 0$aBeiträge zur Geschichte der biblischen Exegese ;$v8.$0(OLS)http://pul/title/35045 850 $aPUL 852 $aPUL$W1$xSL Religione 1$y3$m10 B 1$j35572$nBK-PRI$b $qStampati$B35572$CPULBib$Z2$F35572 $H $81 941 1 $a8 961 $aINV: 30710. 996 $6245$aDe vocatione gentium :$bhistoire de l'interprétation d'Act. 10, 1-11, 18 dans les six premiers siècles$9(OLS)http://pul/title/35044 996 $6260$aTübingen :$bMohr$9(OLS)http://pul/publisher/48065